Εγχειρίδιο μουσειολογίας : για τα μουσεία επιχείρησης
Αποθηκεύτηκε σε:
| Κύριος συγγραφέας: | |
|---|---|
| Άλλοι συγγραφείς: | |
| Μορφή: | Βιβλίο |
| Γλώσσα: | Greek Italian |
| Δημοσίευση: |
Αθήνα :
Πολιτιστικό Ίδρυμα Ομίλου Πειραιώς,
c2009.
|
| Σειρά: | Μουσειολογία
|
| Θέματα: | |
| Ετικέτες: |
Προσθήκη ετικέτας
Δεν υπάρχουν, Καταχωρήστε ετικέτα πρώτοι!
|
MARC
| LEADER | 00000cam a2200000 i 4500 | ||
|---|---|---|---|
| 001 | 1/12049 | ||
| 008 | 110218s2009 gr | ||| |||| ||gre|| | ||
| 020 | |a 978960244141 | ||
| 035 | |l 10109640 | ||
| 040 | |a GR-MyUa |b gre |e AACR2 | ||
| 041 | 1 | |a gre |h ita | |
| 082 | 7 | |a 069 |2 (22) | |
| 100 | 1 | |a Negri, Massimo. | |
| 245 | 1 | 0 | |a Εγχειρίδιο μουσειολογίας : |b για τα μουσεία επιχείρησης / |c Massimo Negri ; με ένα αδημοσίευτο κείμενο του Kenneth Hudson και συμβολή της Cristina Menegazzi ; μετάφραση Ιλαρία Συμιακάκη. |
| 260 | |a Αθήνα : |b Πολιτιστικό Ίδρυμα Ομίλου Πειραιώς, |c c2009. | ||
| 300 | |a 175 σ. ; |c 24 εκ. | ||
| 490 | 1 | |a (Μουσειολογία) | |
| 500 | |a Τίτλος πρωτοτύπου: Manuale di museologia per i musei aziendali. | ||
| 650 | 0 | |a Museums |x Management. | |
| 650 | 0 | |a Museums |x Administration. | |
| 650 | 0 | |a Museum techniques. | |
| 700 | 1 | |a Hudson, Kenneth. | |
| 830 | 0 | |a Μουσειολογία | |
| 852 | |a INST |b CHIOS |e 20230608 |h 069 NEG |p 005200040440 |q 005200040440 |t BK |y 0 | ||
| 852 | |a INST |b LESVOS |c EUDOXUS |e 20130620 |h 069 NEG |p 005100052466 |q 005100052466 |t EDX |y 0 | ||
| 852 | |a INST |b SYROS |e 20110218 |h 069 NEG |p 005500009348 |q 005500009348 |t BK |y 0 | ||
| 901 | |a BIBL5-2011-1 | ||
| 901 | |a BIBL1-2013-2 | ||
| 920 | |a Εύδοξος |b Παραγγελία |y Λέσβος-ΤΠΤΕ |z 2013-04 | ||
| 970 | |a Κοντού |b Παρασκευή |z 08/02/2011 | ||